[Event "Reykjavik op"]
[Site "Reykjavik"]
[Date "2025.04.13"]
[Round "6"]
[White "Burgalat, Eliot"]
[Black "Briem, Gudrun Fanney"]
[Result "1/2-1/2"]
[WhiteElo "2119"]
[BlackElo "1863"]
[PlyCount "78"]
[EventDate "2025.04.09"]
[EventType "swiss"]
[EventRounds "9"]
[EventCountry "ISL"]
[SourceTitle "CB17_2025"]
[SourceDate "2025.04.23"]
[SourceVersion "1"]
[SourceVersionDate "2025.04.23"]
[SourceQuality "1"]

1. e4 c5 2. Nf3 Nc6 3. Bb5 g6 4. 0-0 Bg7 5. Re1 Nf6 6. Nc3 d6 7. e5 dxe5 8. Nxe5 Bd7 9. Bxc6 Bxc6 10. Nxc6 bxc6 11. Qe2 e6 12. d3 0-0 13. Bg5 h6 14. Bxf6 Qxf6 15. Rab1 Rfd8 16. Na4 Qd4 17. b3 Rd5 18. Qf1 Qb4 19. Re4 Qd2 20. Qc1 Qxc1+ 21. Rxc1 Rb8 22. Rc4 Rb5 23. Nc3 Bxc3 24. Rxc3 Ra5 25. a4 Kf8 26. Re1 Ke7 27. Rc4 Ra6 28. f4 h5 29. Kf2 Rb6 30. h3 Rb8 31. Rce4 Kf8 32. Re5 Rbd8 33. R1e3 Rb8 34. Ke2 Ke7 35. R3e4 Rb4 36. Rc4 Kd6 37. Re3 Rd4 38. g3 Rb8 39. Kf3 f6 1/2-1/2

[Event "Reykjavik op"]
[Site "Reykjavik"]
[Date "2025.04.12"]
[Round "5"]
[White "Briem, Gudrun Fanney"]
[Black "Bartelt, Max Peter"]
[Result "1-0"]
[WhiteElo "1863"]
[BlackElo "2104"]
[PlyCount "119"]
[EventDate "2025.04.09"]
[EventType "swiss"]
[EventRounds "9"]
[EventCountry "ISL"]
[SourceTitle "CB17_2025"]
[SourceDate "2025.04.23"]
[SourceVersion "1"]
[SourceVersionDate "2025.04.23"]
[SourceQuality "1"]

1. d4 Nf6 2. Bf4 d5 3. e3 c5 4. Nf3 Nc6 5. Nbd2 e6 6. c3 Bd6 7. Bg3 0-0 8. Bd3 Qe7 9. Ne5 Nd7 10. f4 g6 11. h4 f6 12. Nxd7 Bxd7 13. Qf3 cxd4 14. exd4 e5 15. Qxd5+ Kg7 16. fxe5 fxe5 17. Ne4 Bc7 18. 0-0-0 Bf5 19. Qc5 Qd7 20. d5 Bxe4 21. Bxe4 Bb6 22. dxc6 Qxd1+ 23. Rxd1 Bxc5 24. Bxe5+ Kh6 25. cxb7 Rae8 26. b8Q Rxb8 27. Bxb8 Rxb8 28. Bf3 Re8 29. Kc2 Re7 30. a4 Bf2 31. h5 Kg5 32. hxg6 hxg6 33. Rd2 Bg1 34. b4 Kf4 35. Re2 Rxe2+ 36. Bxe2 Ke5 37. a5 Kd6 38. Bf3 Bf2 39. Kb3 Be3 40. Ka4 Bd2 41. c4 Kc7 42. Kb5 Be1 43. Be2 Bd2 44. Ka4 Be1 45. Bf3 Bd2 46. c5 Be3 47. Kb3 Bd2 48. Kc4 Be1 49. a6 Bd2 50. b5 Be3 51. b6+ Kb8 52. Kb5 Bd4 53. Kc6 Be3 54. Be2 g5 55. bxa7+ Kxa7 56. Kd6 g4 57. c6 Kb6 58. a7 Bf4+ 59. Kd7 Kxa7 60. c7 1-0

[Event "York ChessMates 12th"]
[Site "York"]
[Date "2025.03.21"]
[Round "1.6"]
[White "Briem, Gudrun Fanney"]
[Black "Welling, Zac"]
[Result "1-0"]
[WhiteElo "1868"]
[BlackElo "1976"]
[PlyCount "76"]
[EventDate "2025.03.21"]
[EventType "team-swiss"]
[EventRounds "5"]
[EventCountry "ENG"]
[SourceTitle "CB13_2025"]
[SourceDate "2025.03.26"]
[SourceVersion "1"]
[SourceVersionDate "2025.03.26"]
[SourceQuality "1"]
[WhiteTeam "Iceland"]
[BlackTeam "England"]
[WhiteTeamCountry "ISL"]
[BlackTeamCountry "ENG"]

1. e4 c5 2. Nf3 d6 3. d4 cxd4 4. Nxd4 Nf6 5. Nc3 a6 6. a3 e5 7. Nf5 Bxf5 8. exf5 d5 9. Bg5 d4 10. Ne4 Be7 11. Bxf6 Bxf6 12. Bd3 Nc6 13. Qf3 Rc8 14. g4 Be7 15. Ke2 h6 16. h4 Bxh4 17. Rxh4 Qxh4 18. f6 h5 19. fxg7 Rg8 20. Nd6+ Kd7 21. Nxc8 Kxc8 22. Rh1 Qe7 23. Qf5+ Kc7 24. Qh7 Qe8 25. gxh5 e4 26. Qxe4 Qd7 27. Qf4+ Kb6 28. h6 Re8+ 29. Kd2 Ne5 30. Qxe5 Rxe5 31. g8Q Qd5 32. Re1 Rxe1 33. Kxe1 Qh1+ 34. Ke2 Qh5+ 35. Kf1 Qxh6 36. Qd8+ Ka7 37. Qxd4+ Kb8 38. Qe5+ Ka8 1-0

[Event "Isle of Wight blitz op1"]
[Site "Isle of Wight"]
[Date "2025.02.19"]
[Round "1"]
[White "Briem, Gudrun Fanney"]
[Black "Plat, Vojtech"]
[Result "0-1"]
[WhiteElo "1856"]
[BlackElo "2557"]
[PlyCount "143"]
[EventDate "2025.02.19"]
[EventType "swiss (blitz)"]
[EventRounds "7"]
[EventCountry "ENG"]
[SourceTitle "CB08_2025"]
[SourceDate "2025.02.19"]
[SourceVersion "1"]
[SourceVersionDate "2025.02.19"]
[SourceQuality "1"]

1. Nf3 d6 2. d4 Bg4 3. e3 Nd7 4. Bd3 c6 5. b3 Ngf6 6. Bb2 e5 7. Nbd2 Qc7 8. h3 Bh5 9. c4 Be7 10. Qc2 Bg6 11. 0-0 0-0 12. Bxg6 hxg6 13. Rad1 Rfe8 14. dxe5 dxe5 15. e4 Bf8 16. Rfe1 a5 17. a3 Nc5 18. Ng5 Nh5 19. g3 Rad8 20. Nf1 f6 21. Nf3 Ne6 22. Rxd8 Rxd8 23. Rd1 Bc5 24. Rxd8+ Qxd8 25. Qd2 Qb6 26. b4 axb4 27. axb4 Qxb4 28. Qxb4 Bxb4 29. N3d2 g5 30. Nb3 g6 31. Ne3 Nhg7 32. Ng4 Ne8 33. Kg2 Be7 34. Na5 Nd8 35. Bc3 Kf7 36. Ne3 Ke6 37. Nb3 Nf7 38. g4 b6 39. Kf3 Nc7 40. Nc2 Kd7 41. Be1 Ne6 42. Bc3 Nf4 43. Bd2 Nxh3 44. Be3 Kc7 45. c5 b5 46. Nb4 Nd8 47. Na6+ Kc8 48. Na5 Nf4 49. Nb4 Kd7 50. Bxf4 gxf4 51. Nb3 Ne6 52. Nd3 Ng5+ 53. Ke2 Nxe4 54. f3 Nc3+ 55. Kd2 Nd5 56. Ke2 Bd8 57. Nd2 Ba5 58. Ne4 Nc3+ 59. Nxc3 Bxc3 60. Kd1 Bd4 61. Kc2 Ke6 62. Nb4 Bxc5 63. Nxc6 Kd5 64. Na5 e4 65. fxe4+ Kxe4 66. Nb3 Be3 67. Kd1 f3 68. Ke1 Kd3 69. Na5 b4 70. Nc6 b3 71. Nb4+ Kc4 72. Nc2 0-1

[Event "Olympiad Women-45"]
[Site "Budapest"]
[Date "2024.09.21"]
[Round "10.4"]
[White "Briem, Gudrun Fanney"]
[Black "Canino, Ruelle"]
[Result "0-1"]
[WhiteElo "1764"]
[BlackElo "2004"]
[PlyCount "62"]
[EventDate "2024.09.11"]
[EventType "team-swiss"]
[EventRounds "11"]
[EventCountry "HUN"]
[SourceTitle "EXT 2025"]
[Source "ChessBase"]
[SourceDate "2024.10.14"]
[SourceVersion "1"]
[SourceVersionDate "2024.10.14"]
[SourceQuality "1"]
[WhiteTeam "Iceland (W)"]
[BlackTeam "Philippines (W)"]
[WhiteTeamCountry "ISL"]
[BlackTeamCountry "PHI"]

1. d4 g6 2. c4 Bg7 3. Nc3 d6 4. e4 Nd7 5. Nf3 e5 6. dxe5 dxe5 7. Be2 Ngf6 8. 0-0 0-0 9. Bg5 h6 10. Bxf6 Qxf6 11. b4 c6 12. Qb3 Re8 13. Rac1 Nf8 14. Rfd1 Ne6 15. Bf1 g5 16. Ne2 g4 17. Nd2 h5 18. c5 Bh6 19. Rb1 Ng5 20. Qc3 h4 21. f4 gxf3 22. gxf3 Nh3+ 23. Bxh3 Bxh3 24. Kf2 Kh7 25. Nc4 Bf4 26. Ng1 Be6 27. h3 Rg8 28. Ne2 Bxh3 29. Rh1 Bg2 30. Rbg1 h3 31. Nd6 Qh4+ 0-1

[Event "Olympiad Women-45"]
[Site "Budapest"]
[Date "2024.09.13"]
[Round "3.52"]
[White "Andre, Chineva Rufino"]
[Black "Briem, Gudrun Fanney"]
[Result "1-0"]
[WhiteElo "1524"]
[BlackElo "1764"]
[PlyCount "55"]
[EventDate "2024.09.11"]
[EventType "team-swiss"]
[EventRounds "11"]
[EventCountry "HUN"]
[SourceTitle "EXT 2025"]
[Source "ChessBase"]
[SourceDate "2024.10.14"]
[SourceVersion "1"]
[SourceVersionDate "2024.10.14"]
[SourceQuality "1"]
[WhiteTeam "Mozambique (W)"]
[BlackTeam "Iceland (W)"]
[WhiteTeamCountry "MOZ"]
[BlackTeamCountry "ISL"]

1. e4 c6 2. d4 d5 3. exd5 cxd5 4. Nf3 Nf6 5. Bd3 Nc6 6. c3 Bg4 7. Nbd2 e6 8. 0-0 Bd6 9. Re1 0-0 10. Nf1 Re8 11. Bg5 h6 12. Bh4 Rb8 13. h3 Bxf3 14. Qxf3 Be7 15. Rad1 b5 16. Nh2 b4 17. Ng4 Nxg4 18. Bxe7 Qxe7 19. Qxg4 bxc3 20. bxc3 Rb2 21. a4 Qf6 22. Qg3 Ne7 23. Rb1 Rxb1 24. Rxb1 g6 25. Rb8 Rxb8 26. Qxb8+ Kg7 27. Qxa7 Nf5 28. Qb8 1-0

[Event "EU-ch U14 Girls"]
[Site "Prague"]
[Date "2024.08.28"]
[Round "6"]
[White "Markina, Sofiia"]
[Black "Briem, Gudrun Fanney"]
[Result "0-1"]
[WhiteElo "1864"]
[BlackElo "1764"]
[PlyCount "68"]
[EventDate "2024.08.22"]
[EventType "swiss"]
[EventRounds "9"]
[EventCountry "CZE"]
[SourceTitle "CBM 221 Extra"]
[Source "ChessBase"]
[SourceDate "2024.09.30"]
[SourceVersion "1"]
[SourceVersionDate "2024.09.30"]
[SourceQuality "1"]

1. e4 d5 2. exd5 Qxd5 3. Nc3 Qd6 4. d4 Nf6 5. Nf3 c6 6. Ne5 Nbd7 7. f4 Nb6 8. Be2 g6 9. 0-0 Bg7 10. g4 0-0 11. g5 Nfd7 12. Ne4 Qc7 13. c3 Nxe5 14. fxe5 Bf5 15. Ng3 Be6 16. h4 Rad8 17. Qe1 c5 18. Qf2 cxd4 19. cxd4 Qc2 20. b3 Qc3 21. Ba3 Rd7 22. Bc5 Nd5 23. Bb5 Rc7 24. Rae1 Rxc5 25. Ne4 Qa5 26. dxc5 Qxb5 27. Nf6+ exf6 28. exf6 Rc8 29. Rxe6 fxe6 30. Kh1 Qxc5 31. Qe2 Qc6 32. Kg1 Qc5+ 33. Rf2 Qe3 34. Qb2 Qc1+ 0-1

[Event "Reykjavik op"]
[Site "Reykjavik"]
[Date "2024.03.19"]
[Round "7"]
[White "Baldursson, Rani"]
[Black "Briem, Gudrun Fanney"]
[Result "1-0"]
[WhiteElo "1989"]
[BlackElo "1806"]
[PlyCount "57"]
[EventDate "2024.03.15"]
[EventType "swiss"]
[EventRounds "9"]
[EventCountry "ISL"]
[SourceTitle "CBM 219 Extra"]
[Source "ChessBase"]
[SourceDate "2024.05.31"]
[SourceVersion "1"]
[SourceVersionDate "2024.05.31"]
[SourceQuality "1"]

1. e4 c6 2. d4 d5 3. f3 dxe4 4. fxe4 e5 5. Nf3 Be6 6. Nbd2 Nd7 7. Bc4 exd4 8. 0-0 Be7 9. e5 Nc5 10. Qe2 Qd7 11. b4 Na4 12. Ne4 0-0-0 13. Bg5 Bxc4 14. Qxc4 f6 15. exf6 gxf6 16. b5 Nb6 17. bxc6 Qxc6 18. Qxc6+ bxc6 19. Bf4 h5 20. Rab1 Rh7 21. a4 Nh6 22. a5 Nd7 23. Nxd4 Ne5 24. Bxe5 fxe5 25. Nxc6 Kc7 26. Nxd8 Bxd8 27. Rfd1 Rf7 28. a6 Kc6 29. Rxd8 1-0

[Event "Reykjavik op"]
[Site "Reykjavik"]
[Date "2024.03.17"]
[Round "4"]
[White "Schliebener, Stephan"]
[Black "Briem, Gudrun Fanney"]
[Result "1-0"]
[WhiteElo "2088"]
[BlackElo "1806"]
[PlyCount "102"]
[EventDate "2024.03.15"]
[EventType "swiss"]
[EventRounds "9"]
[EventCountry "ISL"]
[SourceTitle "CBM 219 Extra"]
[Source "ChessBase"]
[SourceDate "2024.05.31"]
[SourceVersion "1"]
[SourceVersionDate "2024.05.31"]
[SourceQuality "1"]

1. Nf3 d5 2. c4 e6 3. g3 Nf6 4. Bg2 Nbd7 5. b3 Bd6 6. Bb2 0-0 7. 0-0 b6 8. d3 Bb7 9. cxd5 exd5 10. Nc3 a6 11. Qc2 Re8 12. Rfe1 c5 13. e4 d4 14. Ne2 Rc8 15. h3 b5 16. Nd2 Nb6 17. Rac1 Bf8 18. Qb1 g6 19. Kh2 a5 20. a3 Ba6 21. Bf1 Nfd7 22. Ng1 Bh6 23. Rcd1 Nf8 24. f4 Ne6 25. Ndf3 Bg7 26. Ne2 Qc7 27. Rc1 Qb7 28. Bg2 Red8 29. Qa1 Qd7 30. Red1 Bb7 31. Rd2 Nf8 32. b4 axb4 33. axb4 Na4 34. bxc5 Nxc5 35. Qa3 Na4 36. Rxc8 Rxc8 37. Bxd4 Bxd4 38. Nfxd4 Ne6 39. Nxe6 Qxe6 40. Qb4 Qd7 41. Nd4 Ba6 42. Nb3 Qd8 43. d4 h5 44. h4 Rc4 45. Qa5 Qc8 46. Bh3 f5 47. d5 Bb7 48. exf5 gxf5 49. Nd4 Bxd5 50. Nxf5 Rc1 51. Rxd5 Kh8 1-0

[Event "Wch U14 Girls"]
[Site "Montesilvano"]
[Date "2023.11.17"]
[Round "5"]
[White "Mohd Afif, Ainul Mardhiah"]
[Black "Briem, Gudrun Fanney"]
[Result "1-0"]
[WhiteElo "1478"]
[BlackElo "1692"]
[PlyCount "101"]
[EventDate "2023.11.13"]
[EventType "swiss"]
[EventRounds "11"]
[EventCountry "ITA"]
[SourceTitle "CBM 217 Extra"]
[Source "ChessBase"]
[SourceDate "2024.01.31"]
[SourceVersion "1"]
[SourceVersionDate "2024.01.31"]
[SourceQuality "1"]

1. c4 e6 2. g3 d5 3. Bg2 Nf6 4. Nf3 Be7 5. 0-0 0-0 6. Qc2 c5 7. d4 cxd4 8. Rd1 Qb6 9. Nxd4 Nc6 10. e3 Rd8 11. cxd5 exd5 12. Nc3 Nxd4 13. Rxd4 Be6 14. Qd3 Qc5 15. b4 Qc6 16. Bb2 Rac8 17. Rd1 Qb6 18. a3 a5 19. b5 Qc5 20. h3 h5 21. Rd2 Qb6 22. Kh2 Rd7 23. Qe2 Qd8 24. Na2 Bc5 25. Rf4 Be7 26. Bxf6 Bxf6 27. Qxh5 g6 28. Qd1 Be5 29. Ra4 b6 30. Nc1 Bf6 31. Ne2 Rc5 32. Nd4 Bxd4 33. Raxd4 Rxb5 34. Rh4 Qf6 35. Qe2 Rb3 36. Rf4 Qg5 37. a4 Qe5 38. Rfd4 Qf5 39. Qd1 Ra3 40. Qc1 Rb3 41. Qc8+ Kg7 42. Rh4 Kf6 43. Rf4 Qxf4 44. exf4 d4 45. Qh8+ Ke7 46. Rxd4 Rxd4 47. Qxd4 Rb4 48. Qe3 Kd6 49. Qe5+ Ke7 50. Bd5 Rxa4 51. Bxe6 1-0

[Event "Icelandic (Women) op"]
[Site "Reykjavik"]
[Date "2022.10.29"]
[Round "6"]
[White "Briem, Gudrun Fanney"]
[Black "Johnsen, Sylvia"]
[Result "1-0"]
[WhiteElo "1515"]
[BlackElo "1861"]
[PlyCount "75"]
[EventDate "2022.10.24"]
[EventType "swiss"]
[EventRounds "7"]
[EventCountry "ISL"]
[SourceTitle "EXT 2024"]
[Source "ChessBase"]
[SourceDate "2023.10.10"]
[SourceVersion "1"]
[SourceVersionDate "2023.10.10"]
[SourceQuality "1"]

1. d4 d5 2. Nf3 Nf6 3. Bf4 c5 4. c3 e6 5. e3 Nc6 6. Nbd2 h6 7. Bd3 Nh5 8. Bg3 a6 9. Ne5 Nxg3 10. hxg3 Nxe5 11. dxe5 c4 12. Bc2 b5 13. a3 Bb7 14. Nf3 Be7 15. Nd4 Qb6 16. Qg4 Bf8 17. f4 a5 18. f5 Bc8 19. Rf1 h5 20. Qf3 Rh6 21. fxe6 Bxe6 22. Bf5 0-0-0 23. Kd2 Bc5 24. Bxe6+ fxe6 25. Qf7 Rd7 26. Qg8+ Qd8 27. Qxd8+ Kxd8 28. Nxb5 Rg6 29. Rf3 Rg5 30. Nd4 Rg6 31. Rg1 Kc7 32. Rh1 Rh6 33. Rf4 Be7 34. Rf7 g5 35. g4 h4 36. g3 hxg3 37. Rxh6 g2 38. Nf3 1-0

[Event "EU-ch 21st"]
[Site "Reykjavik"]
[Date "2021.09.02"]
[Round "8"]
[White "Hallmundarson, Birkir"]
[Black "Briem, Gudrun Fanney"]
[Result "0-1"]
[WhiteElo "1095"]
[BlackElo "1240"]
[PlyCount "60"]
[EventDate "2021.08.26"]
[EventType "swiss"]
[EventRounds "11"]
[EventCountry "ISL"]
[SourceTitle "CBM 204"]
[Source "ChessBase"]
[SourceDate "2021.10.31"]
[SourceVersion "1"]
[SourceVersionDate "2021.10.31"]
[SourceQuality "1"]

1. Nf3 d5 2. e3 Bf5 3. d4 e6 4. c4 c6 5. cxd5 exd5 6. Bd3 Bg6 7. Na3 Nf6 8. Nc2 Bd6 9. Bd2 Nbd7 10. Bb4 Bxb4+ 11. Nxb4 Qb6 12. Nc2 Bxd3 13. Qxd3 Qxb2 14. 0-0 Qb6 15. Rab1 Qc7 16. Rb2 0-0 17. Rfb1 b5 18. Nb4 Nb6 19. Ne5 Nc4 20. Rc2 Ne8 21. Nexc6 Qd6 22. e4 dxe4 23. Qxe4 Nf6 24. Ne7+ Kh8 25. Qe2 Rae8 26. Nbc6 Na3 27. Rb3 Nxc2 28. Qxc2 Rxe7 29. Nxe7 Qxe7 30. Rxb5 Qe1# 0-1